书目信息 |
| 题名: |
刘半农集
|
|
| 作者: | 刘半农 著 | |
| 分册: | ||
| 出版信息: | 长春 吉林出版集团有限责任公司 2015 |
|
| 页数: | 182页 | |
| 开本: | 23cm | |
| 丛书名: | 中国杂文(百部) | |
| 单 册: | ||
| 中图分类: | I266.1 | |
| 科图分类: | ||
| 主题词: | 杂文集--Za Wen Ji--中国--现代 | |
| 电子资源: | ||
| ISBN: | 978-7-5534-5478-8 | |
| 000 | 00760nam0 22002411 450 | |
| 001 | 350657 | |
| 005 | 20161013084228.75 | |
| 010 | @a978-7-5534-5478-8@dCNY28.00 | |
| 100 | @a20150811d2015 em y0chiy50 ea | |
| 101 | 0 | @achi |
| 102 | @aCN@b220000 | |
| 105 | @ay z 000cy | |
| 106 | @ar | |
| 200 | 1 | @a刘半农集@ALiu Ban Nong Ji@f刘半农著 |
| 210 | @a长春@c吉林出版集团有限责任公司@d2015 | |
| 215 | @a182页@d23cm | |
| 225 | 2 | @a中国杂文(百部)@AZhong Guo Za Wen (Bai Bu )@i现代部分@h卷八@f刘成信主编 |
| 461 | 0 | @12001 @a中国杂文(百部)@i现代部分@h卷八@f刘成信主编 |
| 606 | 0 | @a杂文集@AZa Wen Ji@y中国@z现代 |
| 690 | @aI266.1@v5 | |
| 701 | 0 | @a刘半农@ALiu Ban Nong@f(1891~1934)@4著 |
| 801 | 0 | @aCN@bTANGWEI@c20160805 |
| 905 | @b0891130-4@dI266.1@e1779@f5 | |
| 刘半农集/刘半农著.-长春:吉林出版集团有限责任公司,2015 |
| 182页;23cm.-(中国杂文(百部).现代部分.卷八/刘成信主编) |
| ISBN 978-7-5534-5478-8:CNY28.00 |
| ● |
| 相关链接 |
|
|
|
|
正题名:刘半农集
索取号:I266.1/1779
 
预约/预借
| 序号 | 登录号 | 条形码 | 馆藏地/架位号 | 状态 | 备注 |
| 1 | 0891130 | 208911301 | 第一样本阅览室/ [索取号:I266.1/1779] | 在馆 | |
| 2 | 0891131 | 208911310 | 第二借阅区/ [索取号:I266.1/1779] | 在馆 | |
| 3 | 0891132 | 208911329 | 第二借阅区/ [索取号:I266.1/1779] | 在馆 | |
| 4 | 0891133 | 208911338 | 第二借阅区/ [索取号:I266.1/1779] | 在馆 | |
| 5 | 0891134 | 208911347 | 第二借阅区/ [索取号:I266.1/1779] | 在馆 |